000
00339nam a2200133Ia 4500
008
240624s9999 xx 000 0 und d
041
_a
eng
082
_a
330.122 KOT
100
_a
KOTLER PHILIP
245
_a
CONFRONTING CAPITALISM REAL SOLUTIONS FO
260
_c
2015
_a
New York
_b
Amacom
300
_a
vi, 248 p.; 23 cm.
365
_c
_b
33
999
_c
32161
_d
32161